Sankčný systém pri porušení finančnej disciplíny

Hlavné zásady sankcionovania. Kontrolná pôsobnosť. Pôsobnosť na ukladanie a vymáhanie sankcií. Alternatívy sankčného systému. Rozpočtové určenie sankcií za porušenie finančnej disciplíny. Oznamovacia povinnosť pri porušení finančnej disciplíny. Finančná disciplína a územná samospráva.

Salvato in:
Dettagli Bibliografici
Autore principale: Konvalinková, Iveta
Natura: Capitolo di libro
Lingua:slovacco
Soggetti:
Tags: Aggiungi Tag
Nessun Tag, puoi essere il primo ad aggiungerne!!

MARC

LEADER 00000naa$a2200000$$$4500
001 0056071
005 20231013071507.1
041 0 |a slo 
044 |a SK 
245 1 0 |a Sankčný systém pri porušení finančnej disciplíny  |c Iveta Konvalinková 
520 |a Hlavné zásady sankcionovania. Kontrolná pôsobnosť. Pôsobnosť na ukladanie a vymáhanie sankcií. Alternatívy sankčného systému. Rozpočtové určenie sankcií za porušenie finančnej disciplíny. Oznamovacia povinnosť pri porušení finančnej disciplíny. Finančná disciplína a územná samospráva. 
610 2 0 |a disciplína finančná 
610 2 0 |a samospráva 
610 2 0 |a sankcie 
610 2 0 |a pravidlá rozpočtové 
610 2 0 |a kontrola finančná 
610 2 0 |a penále 
610 2 0 |a pokuty 
100 1 |a Konvalinková, Iveta